Statistics for AJR Album/Song Quiz

Click here to take the quiz!

General Stats

  • This quiz has been taken 144 times
    (109 since last reset)
  • The average score is 14 of 25

Answer Stats

Answer% Correct
The Click
99%
The Dumb Song
82%
Bummerland
80%
Neotheater
80%
Living Room
78%
Bang!
76%
The DJ Is Crying For Help
76%
OK Orchestra
75%
The Click (Deluxe)
75%
I Won't
73%
Let The Games Begin
68%
I'm Ready EP
63%
Infinity EP
57%
100 Bad Days
52%
It's On Us
52%
World's Smallest Violin (Sped Up)
46%
My Play
43%
I'm Not Famous
41%
Way Less Sad (Cash Cash Remix)
41%
What Everyone's Thinking
38%
Born And Bred
34%
Call My Dad
32%
Spotify Singles
25%
AJR EP
24%
Venture
19%

Score Distribution

Percentile by Number Answered

Percent of People with Each Score

Your Score History

You have not taken this quiz since the last reset